IFM Opac

Managing manufacture of complex product (Record no. 16665)

MARC details
000 -LEADER
fixed length control field 00383nam a22001457a 4500
020 ## - INTERNATIONAL STANDARD BOOK NUMBER
International Standard Book Number 0 220 66318 1
082 ## - DEWEY DECIMAL CLASSIFICATION NUMBER
Classification number 658.5 NEW
100 ## - MAIN ENTRY--PERSONAL NAME
Personal name New, C.C
245 ## - TITLE STATEMENT
Title Managing manufacture of complex product
260 ## - PUBLICATION, DISTRIBUTION, ETC.
Place of publication, distribution, etc. London
Name of publisher, distributor, etc. Business book
Date of publication, distribution, etc. 1977
300 ## - PHYSICAL DESCRIPTION
Extent xvi,379p.
Other physical details ill,23cm.
500 ## - GENERAL NOTE
General note includes indexes.
650 ## - SUBJECT ADDED ENTRY--TOPICAL TERM
Topical term or geographic name entry element Managing manufacture of complex product
942 ## - ADDED ENTRY ELEMENTS (KOHA)
Koha item type Books
Holdings
Withdrawn status Lost status Damaged status Not for loan Home library Current library Shelving location Date acquired Total Checkouts Full call number Barcode Date last seen Price effective from Koha item type
Withdrawn       IFM Main Campus Library IFM Main Campus Library Stack Collection 10/03/2016   658.5 NEW 0000011313 10/03/2016 10/03/2016 Books